| 000 | 00408nam a2200157Ia 4500 | ||
|---|---|---|---|
| 008 | 221030s9999 xx 000 0 und d | ||
| 020 | _a9789390715879 | ||
| 041 | _aEnglish | ||
| 100 | _aM.P. Singh | ||
| 245 | 0 |
_aV. N. Shukla`s Constitution of India 13th Ed. _cby M.P. Singh |
|
| 250 | _a13th | ||
| 260 |
_bEastern Book Company _aLucknow _c2022 |
||
| 300 | _a1254 | ||
| 650 | _aConstitution | ||
| 942 | _cBK | ||
| 999 |
_c18853 _d18853 |
||